| Tag |
First Indicator |
Second Indicator |
Subfields |
| LEADER |
00000cam a2200000 i 4500 |
| 001 |
in00005715921 |
| 005 |
20260319164932.5 |
| 006 |
m o d |
| 007 |
cr cnu|||unuuu |
| 008 |
180411t20182018enk ob 001 0 eng d |
| 040 |
|
|
|a N$T
|b eng
|e rda
|e pn
|c N$T
|d N$T
|d EBLCP
|d OCLCF
|d STF
|d STBDS
|d UAB
|d YDX
|d CEF
|d OH1
|d OTZ
|d LOA
|d LVT
|d BRX
|d OCLCQ
|d UKAHL
|d OCLCQ
|d K6U
|d OCLCO
|d OCLCQ
|d SFB
|d OCLCQ
|d VLB
|d OCLCO
|d OCLCL
|d SXB
|d UWO
|d W2U
|d CUS
|d OCLCO
|d UKKRT
|d OCLCO
|d OCLCQ
|d OCLCA
|d OCLCL
|d OCLCA
|d CLOUD
|
| 019 |
|
|
|a 1031162170
|a 1031305917
|a 1031337851
|a 1041882068
|a 1053998150
|a 1054162708
|a 1054901322
|a 1055683845
|a 1069731133
|a 1086999978
|a 1475755027
|
| 020 |
|
|
|a 9780199371792
|q (electronic bk.)
|
| 020 |
|
|
|a 0199371792
|q (electronic bk.)
|
| 020 |
|
|
|a 9780190882129
|
| 020 |
|
|
|a 0190882123
|
| 020 |
|
|
|z 9780199371785
|
| 020 |
|
|
|z 0199371784
|
| 020 |
|
|
|a 9780199371808
|
| 020 |
|
|
|a 0199371806
|
| 035 |
|
|
|a (OCoLC)1030993304
|z (OCoLC)1031162170
|z (OCoLC)1031305917
|z (OCoLC)1031337851
|z (OCoLC)1041882068
|z (OCoLC)1053998150
|z (OCoLC)1054162708
|z (OCoLC)1054901322
|z (OCoLC)1055683845
|z (OCoLC)1069731133
|z (OCoLC)1086999978
|z (OCoLC)1475755027
|
| 037 |
|
|
|a w818pz9
|b cloudLibrary
|n https://yourcloudlibrary.com
|
| 050 |
|
4 |
|a GN345
|b .H425 2018
|
| 050 |
|
4 |
|a GN316
|
| 072 |
|
7 |
|a SOC
|x 031000
|2 bisacsh
|
| 072 |
|
7 |
|a SOC
|x 020000
|2 bisacsh
|
| 082 |
0 |
4 |
|a 305.8
|2 23
|
| 049 |
|
|
|a TXAM
|
| 100 |
1 |
|
|a Harrison, Anthony Kwame,
|e author.
|1 https://id.oclc.org/worldcat/entity/E39PCjJxbxyfrF3qCX3gW87dV3
|
| 245 |
1 |
0 |
|a Ethnography /
|c Anthony Kwame Harrison.
|
| 264 |
|
1 |
|a Oxford :
|b Oxford University Press,
|c 2018.
|
| 264 |
|
4 |
|c ©2018
|
| 300 |
|
|
|a 1 online resource
|
| 336 |
|
|
|a text
|b txt
|2 rdacontent
|
| 337 |
|
|
|a computer
|b c
|2 rdamedia
|
| 338 |
|
|
|a online resource
|b cr
|2 rdacarrier
|
| 490 |
1 |
|
|a Understanding qualitative research
|
| 504 |
|
|
|a Includes bibliographical references and index.
|
| 588 |
0 |
|
|a Online resource; title from PDF title page (EBSCO, viewed April 12, 2018).
|
| 505 |
0 |
|
|a Introduction to ethnography -- Research design -- Writing-up ethnographic methodologies -- Writing-up research findings -- Discussion and evaluation.
|
| 520 |
|
|
|a Ethnography introduces readers to traditions of ethnographic research and writing through detailed discussions of their histories, exploratory designs, representational conventions, and standards of evaluation. While situating ethnography within its original, anthropological context, the book simultaneously introduces new frameworks for grasping its rich and ever expanding practices.
|
| 650 |
|
0 |
|a Ethnology
|x Qualitative research.
|
| 650 |
|
0 |
|a Ethnology.
|
| 650 |
|
6 |
|a Ethnologie
|x Méthodes qualitatives.
|
| 650 |
|
6 |
|a Ethnologie.
|
| 650 |
|
7 |
|a ethnology.
|2 aat
|
| 650 |
|
7 |
|a social anthropology.
|2 aat
|
| 650 |
|
7 |
|a SOCIAL SCIENCE
|x Discrimination & Race Relations.
|2 bisacsh
|
| 650 |
|
7 |
|a SOCIAL SCIENCE
|x Minority Studies.
|2 bisacsh
|
| 650 |
|
7 |
|a Ethnology
|2 fast
|
| 650 |
|
7 |
|a Kulturanthropologie
|2 gnd
|
| 650 |
|
7 |
|a Ethnomethodologie
|2 gnd
|
| 650 |
|
7 |
|a Feldforschung
|2 gnd
|
| 650 |
|
7 |
|a Teilnehmende Beobachtung
|2 gnd
|
| 650 |
|
7 |
|a Qualitative Methode
|2 gnd
|
| 650 |
|
7 |
|a Datenanalyse
|2 gnd
|
| 655 |
|
7 |
|a Electronic books.
|2 local
|
| 758 |
|
|
|i has work:
|a Ethnography (Text)
|1 https://id.oclc.org/worldcat/entity/E39PCH7YX8Xx79gY3cY66kXBdP
|4 https://id.oclc.org/worldcat/ontology/hasWork
|
| 776 |
0 |
8 |
|i Print version:
|a Harrison, Anthony Kwame.
|t Ethnography.
|d New York, NY : Oxford University Press, [2018]
|z 9780199371785
|w (DLC) 2017047690
|w (OCoLC)1035419214
|
| 776 |
1 |
|
|z 9780199371785
|
| 830 |
|
0 |
|a Series in understanding qualitative research.
|
| 856 |
4 |
0 |
|u http://proxy.library.tamu.edu/login?url=https://academic.oup.com/book/6383
|z Connect to the full text of this electronic book
|t 0
|
| 955 |
|
|
|a Oxford Scholarship Online
|
| 994 |
|
|
|a 92
|b TXA
|
| 999 |
f |
f |
|i 783f23aa-adf8-4ee7-998e-3ddd0bbf3ac8
|s 38d709c9-4fae-4a43-a997-cad565ee3669
|t 0
|
| 952 |
f |
f |
|a Texas A&M University
|b College Station
|c Electronic Resources
|s www_evans
|d Available Online
|t 0
|e GN345 .H425 2018
|h Library of Congress classification
|
| 998 |
f |
f |
|a GN345 .H425 2018
|t 0
|l Available Online
|